000 00311nam a22001457a 4500
008 181122b xxu||||| |||| 00| 0 eng d
020 _a2 nd
041 _aeng
080 _a616.12
082 _a616.12
100 _a7
101 _aKAR
245 _aBedside Cardiology
_cConstant Jules
942 _2udc
_cBK
999 _c52367
_d52367